000 00377nam a2200145Ia 4500
008 210210b1985 xxu||||| |||| 00| 0 eng d
082 _a344 MATL
100 _aMATHEW (P D).
245 _aLegal education series No.2: on your rights if arrested.
260 _aND
_bIndian social institute
_c1985
300 _a18
650 _aArrest
690 _aSocial Law
906 _a038132
999 _c88522
_d88522